000 00493nam a2200181Ia 4500
008 240925s9999 xx 000 0 und d
020 _aNA
082 _a348.02SHA
100 _aShahun, Nazir Ahmed
245 0 _aPractical Approach to the Comparies Ordinance 1984,With CD Rom
250 _a3rd
260 _aRawalpindi:
_bFederal law house
_c,2007.
300 _a679p.
_bNA
_fOriginal
500 _aIncludes Index
600 _aSocial Sciences
650 _aSocial Sciences
942 _cBK
999 _c9550
_d9550